Monitoring and modeling of global changes (Record no. 115947)
[ view plain ]
| 000 -LEADER | |
|---|---|
| fixed length control field | 03028cam a22003015a 4500 |
| 001 - CONTROL NUMBER | |
| control field | L159487 |
| 008 - FIXED-LENGTH DATA ELEMENTS--GENERAL INFORMATION | |
| fixed length control field | 081204s2015 xxkabdof h 001 0 eng d |
| 020 ## - INTERNATIONAL STANDARD BOOK NUMBER | |
| International Standard Book Number | 9789401798129 |
| 035 ## - SYSTEM CONTROL NUMBER | |
| System control number | (Sirsi) u159487 |
| 041 0# - LANGUAGE CODE | |
| Language code of text/sound track or separate title | eng |
| 050 04 - LIBRARY OF CONGRESS CALL NUMBER | |
| Classification number | 526.982 $2 18 |
| 245 00 - TITLE STATEMENT | |
| Title | Monitoring and modeling of global changes |
| Remainder of title | a geomatics perspective |
| 260 ## - PUBLICATION, DISTRIBUTION, ETC. | |
| -- | ordrecht |
| Name of publisher, distributor, etc. | Springer |
| Date of publication, distribution, etc. | 2015 |
| 300 ## - PHYSICAL DESCRIPTION | |
| Extent | 320p. |
| Other physical details | ill. |
| Dimensions | 24 cm. |
| 490 ## - SERIES STATEMENT | |
| Series statement | Springer remote sensing/photogrammetry |
| 505 2# - FORMATTED CONTENTS NOTE | |
| Formatted contents note | Land Change Modeling: Status and Challenges -- Modeling the Effects of Land Use Change and Climate Change on Stream Flow Using GIS and a Hydrological Model -- Combining Different Data Sources for City Growth Analysis and Architectural Heritage Mapping -- Long-Term Change Dynamics Using Landsat Archive for the Region of Waterloo in Ontario, Canada -- Influence of Political Regime Change to Land Use Development in Urban Areas in the Czech Republic -- Mapping Sea Ice from Satellite SAR Imagery -- Landscape Ecological Mapping for Biodiversity Evaluation Using Airborne Laser Scanning Data -- Grassland Productivity Simulation: Integrating Remote Sensing and an Ecosystem Process Model -- Glaciological Studies at Pasterze Glacier (Austria) Based on Aerial Photographs -- Mapping Coastal Erosion Risk in the Southern Red River Delta, Vietnam -- Modelling Shallow Landslide Risk Using GIS and a Distributed Hydro-geotechnical Model -- An Integrated Model for Assessing Carbon Dioxide Emissions Considering Climate Change Mitigation and Flood Risk Adaptation Interaction -- Support Vector Machines for Land Cover Mapping from Remote Sensor Imagery -- Digital Processing of SAR Data and Image Analysis Techniques -- Development of a New Wetness Index Based on RADARSAT-1 ScanSAR Data. |
| 520 ## - SUMMARY, ETC. | |
| Summary, etc. | Presents state-of-the-art geomatics technologies applied in global environmental studies. This text provides the latest research findings and delivers complete references to related publications. Global Change studies are increasingly considered a vital source of information to understand the Earth Environment, especially in the framework of human-induced, climate change and land use transformation. Satellite Earth Observing systems and geomatics technologies provide a unique tool to monitor and model the changes, respectively. While the range of applications and innovative techniques are always increasing, this book provides a summary of key study cases where satellite data offers critical information to understand the usefulness of the geomatics technologies and global environmental issues. Geomatics technologies provide powerful tools to model and analyse the effects of those global environmental changes towards minimizing their adverse impacts on human health and the environment. |
| 521 ## - TARGET AUDIENCE NOTE | |
| Target audience note | Advanced |
| 590 ## - LOCAL NOTE (RLIN) | |
| Local note | KA |
| 650 24 - SUBJECT ADDED ENTRY--TOPICAL TERM | |
| Topical term or geographic name entry element | GNSS |
| 650 24 - SUBJECT ADDED ENTRY--TOPICAL TERM | |
| Topical term or geographic name entry element | REMOTE SENSING |
| 650 24 - SUBJECT ADDED ENTRY--TOPICAL TERM | |
| Topical term or geographic name entry element | GIS |
| 651 #4 - SUBJECT ADDED ENTRY--GEOGRAPHIC NAME | |
| Geographic name | International |
| 690 ## - LOCAL SUBJECT ADDED ENTRY--TOPICAL TERM (OCLC, RLIN) | |
| Topical term or geographic name as entry element | Geomatics |
| 9 (RLIN) | 6242 |
| 700 1# - ADDED ENTRY--PERSONAL NAME | |
| Personal name | Li, Jonathan |
| 700 1# - ADDED ENTRY--PERSONAL NAME | |
| Personal name | Yang, Zhengrong |
| 942 ## - ADDED ENTRY ELEMENTS (KOHA) | |
| Suppress in OPAC | 0 |
| Withdrawn status | Lost status | Source of classification or shelving scheme | Damaged status | Not for loan | Home library | Current library | Shelving location | Date acquired | Total Checkouts | Full call number | Barcode | Date last seen | Copy number | Price effective from | Koha item type |
|---|---|---|---|---|---|---|---|---|---|---|---|---|---|---|---|
| Dewey Decimal Classification | London | London | Books | 01/08/2017 | 526.982 LIJ | 30078461 | 06/08/2019 | 1 | 06/08/2019 | Book |